Statistics for Title in the Lyrics - Tori Amos

Click here to take the quiz!

General Stats

  • This quiz has been taken 56 times
  • The average score is 9 of 13

Answer Stats

HintAnswer% Correct
Never was a _____ _____ / thought it was a good solution hanging with the raisin girls.cornflake girl
98%
Why do we _____ ourselves every day.crucify
98%
_____ __ _____ _____ / Caught a breeze / Caught a lightweight lightingseed.Caught a lite sneeze
87%
She's afraid of the light in the dark / 6:58 are you sure where my _____ is.spark
87%
Mama layed me on the front lawn / And prayed for ____'_ _____.Jackies strength
76%
But now I've got to worry / Cause boy you still look pretty /When you're _____ ___ _____ __.putting the damage on
73%
And I’m so sad / Like a good book I can't put this day back / _ _____ _____ with you.a sorta fairytale
67%
Oh these _____ _____ / Here we go again.little earthquakes
62%
I've said it all / So maybe we're a _____ / Of another kind.bliss
58%
Not tonight _____ / In an army's strength / In an army's strength/ Therein lies the denouemnet.Josephine
56%
Well he lit you up like _____ _____ in his movie show.Amber Waves
51%
She says a girl needs a gun these days / hey on account of all the _____.rattlesnakes
40%
One day you see a _____ _____ _____ look at you.strange little girl
13%

Score Distribution

Percentile by Number Answered

Percent of People with Each Score

Your Score History

You have not taken this quiz